00307nam a2200133Ia 4500008004100000020001500041082001600056100000500072245002400077260003500101300000800136650000500144700002400149140316s9999 xx 000 0 und d a014100245x a823bNAR/ME a aMemories of Malgudi aNew DelhibPenguin Booksc2002 a779 a aNarayan,R.K. et al.